Statistics for Dodo bird quiz

Click here to take the quiz!

General Stats

  • This quiz has been taken 18 times
  • The average score is 5 of 15

Answer Stats

HintAnswer% Correct
Do dodos still exist?No (sadly)
87%
How many eggs did the dodo bird lay
at a time?
One
80%
What (unlike other birds) could the dodo
not do?
Fly
67%
Where did dodos live?Mauritius
67%
What colour was the dodo?Grey, black, and white
60%
____ as a dodoDead as a dodo
33%
What did the dodo eat?Fruit
27%
What is the dodos closest living relative?Nicobar pigeon
20%
When was the dodo discovered?1507
7%
When did the dodo become extinct?1681
7%
Where did this food come from?Dodo tree
7%
Where does the name “dodo” come from?Portuguese “doudo”
7%
Who discovered the dodo?Portuguese sailors
7%
What is the dodo’s scientific name?Raphus cucullatus
7%
What does this mean in Portuguese?Simpleton
7%

Score Distribution

Percentile by Number Answered

Percent of People with Each Score

Your Score History

You have not taken this quiz